Регионална библиотека "Любен Каравелов" - Русе

Колоездене (Запис номер 127774)

MARC детайли
000 -Лидер
Контролно поле с фиксирана дължина 01314nam a2200325 c 4500
003 - Код на организацията, давaща контролен номер
Контролно поле BLK
005 - Дата и час на последна редакция
Контролно поле 20180420232112.0
008 - Елементи от данни с фиксирана дължина
fixed length control field 180409b bul|||||r ||||||| ||bul||
010 ## - Наследен системен номер
LC control number KNG00133479000
040 ## - Източник на каталожния запис
Идентификатор на билиотеката - собственик на записа BLK
041 ## - Код за език
Код за езика на текст/звукозапис или на отделно заглавие Български
Код за езика КДБФ Български
080 ## - УДК
Текстов определител УДК Велосипеден спорт. Ролков спорт
УДК код - определител по УДК 796.6
УДК определител (075.8)
УДК - код + определител 796.6(075.8)
100 1# - Редна дума - Автор
Автор Бичев, Александър
Авторска отговорност първи автор
R(LIN) 320866
139 ## - Редно поле
Редна дума Бичев, Александър и др.
Авторски знак Бит - Б 46
245 10 - Сведения за заглавието
Заглавие Колоездене
Подзаглавни данни Учебник за ВИФ Г. Димитров
Редно поле (дума) Александър Бичев; съавт. Светослав Тужаров.
257 ## - Страна на издаване
Страна на създаване/издаване България
260 ## - Област на издателските данни
-- София
Име на издателя, разпространителя и проч. Медицина и физкултура
Година на издаване 1958
300 ## - Физическа характеристика
Страници 185 с.
Илюстрации и др. с ил.
Размери/Мащаб 21 см
380 ## - Жанр
Жанр 793/799 Спорт
500 ## - Общи забележки
Забележка 537 тир. - Библиогр. с. 182.
650 #4 - Допълнително описание по предмет – тема
Основно описание – тема или топоним Колоездене - учебници ВУЗ
9 (RLIN) 320872
653 ## - Ключова дума – ненормативна
Ключова дума колоездене
653 ## - Ключова дума – ненормативна
Ключова дума учебници за ВУЗ
700 1# - Други автори (авторска отговорност)
Лично име Тужаров, Светослав
Автороска отговорност (Описва отношението между автора и произведението) съавт.
9 (RLIN) 320871
852 ## - Местоположение
Форматна сигнатура Цб 10887
856 4# - Електронен адрес и достъп
Електронен формат pdf - файл
Път до файла /url/
856 4# - Електронен адрес и достъп
Електронен формат pdf - файл
Път до файла /url/
942 ## - АРТИКУЛИ
Вид на библиотечния материал Книги
Скрит в OPAC Не
944 ## - СЪЗДАВАНЕ И РЕДАКЦИЯ на ЗАПИСА
Създаване/Редакция Създаване
Дата на регистрацията/редакция 31.08.2012
Статус, дата на статуса 31.08.2012 - от С1,Р / 31.08.2012
Служител, извършил регистрацията/редакцията Наталия_Медовщикова
944 ## - СЪЗДАВАНЕ И РЕДАКЦИЯ на ЗАПИСА
Създаване/Редакция Редакция
Дата на регистрацията/редакция 31.08.2012
Статус, дата на статуса 31.08.2012 - от С1,Р / 31.08.2012
Служител, извършил регистрацията/редакцията
999 ## - СИСТЕМНИ КОНТРОЛНИ НОМЕРА
Koha biblionumber 127774
Koha biblioitemnumber 127774
Наличности
Код за отписване Код за изгубен артикул Източник на класификационната схема Код за повреда Коз за рестрикции Код за отдаване Артикулен № Име на библиотеката - собственик Име на библиотеката, в която се намира в момента Статус (Текущо местоположение) Дата на вписване в системата Местоположение - отдел Цена в лева Инвентарен номер Систематично азбучна сигнатура Баркод Номер на екземпляра Цена в евро Служебна бележка Служебен тип на артикула
  Не е изгубен Universal Decimal Classification Не е повреден без рестрикции ползва се в читалня 207759 Регионална библиотека "Любен Каравелов" Русе Регионална библиотека "Любен Каравелов" Русе Хранилище 1958-01-01 Основен фонд - ползва се само за читалня 0.64 8188/58 Цб 10887 900000086612 1 0.33 N: стар фонд Дата: 01.01.1958 Книги
Изтеглен Не е изгубен Universal Decimal Classification Не е повреден без рестрикции заемане за дома 207760 Регионална библиотека "Любен Каравелов" Русе Регионална библиотека "Любен Каравелов" Русе Заемна - подръчен фонд 1958-01-01 Заемна - подръчен фонд 0.00 8189/58 П 796.6/Б 46 8189/58 2 0.00 N: стар фонд Дата: 01.01.1958 Книги
Изтеглен Не е изгубен Universal Decimal Classification Не е повреден без рестрикции заемане за дома 207761 Регионална библиотека "Любен Каравелов" Русе Регионална библиотека "Любен Каравелов" Русе Заемна - подръчен фонд 1958-01-01 Заемна - подръчен фонд 0.00 7684/58 П 796.6/Б 46 7684/58 3 0.00 N: стар фонд Дата: 01.01.1958 Книги
Vip Innovations Ltd, Rousse, Bulgaria 2025